| 000 | 02590cam a22005654i 4500 | ||
|---|---|---|---|
| 003 | PE-LiUPU | ||
| 005 | 20250731180137.0 | ||
| 008 | 150616s1992 mx r 000 0 spa d | ||
| 020 | _a9681801822 | ||
| 035 | _a(Sirsi) i9789681801823 | ||
| 040 |
_aPE-LiUPU _bspa _cPE-LiUPU _erda |
||
| 049 | _aPRUA | ||
| 082 | 0 | 4 |
_a532 _bH249m _223 |
| 100 | 1 |
_aHansen, Arthur G., _eautor. |
|
| 245 | 1 | 0 |
_aMecánica de fluidos / _cArthur G. Hansen; [Vers. española Hortensia Corona Rodríguez ; rev. Javier Báez Olague]. |
| 264 | 1 |
_aMéxico D.F. : _bLimusa, _c1992. |
|
| 300 |
_a575 páginas : _bilustraciones, gráficas, tablas, dibujos ; _c23 centímetros. |
||
| 336 |
_atext _2rdacontent |
||
| 337 |
_aunmediated _2rdamedia |
||
| 338 |
_avolume _2rdacarrier |
||
| 500 | _atitulo original en inglés, Fluid Mechanics | ||
| 505 | 0 | _aPRINCIPIOS DE LA MECÁNICA DE LOS FLUIDOS Y DE LA ESTÁTICA DE LOS FLUIDOS: Conceptos fundamentales y propiedades de los fluidos -- Conceptos básicos de la termodinámica y la mecánica -- Estática de los fluidos -- ANÁLISIS INTEGRAL: El volumen de control y la conservación de la masa -- La ecuación de la energía -- La ecuación de la cantidad de movimiento -- Introducción a la teoría de los flujos comprensibles -- ANÁLISIS DIFERENCIAL: Ecuaciones diferenciales para la conservación de la masa y la cantidad de movimiento -- Teoría de los flujos no viscosos -- ANÁLISIS EMPÍRICO: Análisis dimensional -- Flujos internos -- Flujos externos -- apéndices. | |
| 526 | _aSEG44 | ||
| 526 | _aSEG26 | ||
| 526 | _aP159 | ||
| 526 | _aP155 | ||
| 526 | _aP154 | ||
| 526 | _aP153 | ||
| 526 | _aP150 | ||
| 526 | _aP100 | ||
| 526 | _aP31 | ||
| 526 | _aP30 | ||
| 526 | _aP26 | ||
| 526 | _aP25 | ||
| 526 | _aP24 | ||
| 526 | _aP22 | ||
| 526 | _aP15 | ||
| 526 | _aP10 | ||
| 650 | 0 | 0 |
_aMecánica de fluidos _970 |
| 700 |
_aCorona Rodríguez, Hortensia _92289 _eTraductor |
||
| 910 | _ajck | ||
| 942 |
_2ddc _cBK _n0 |
||
| 949 |
_a532 H249m _wDEWEY _c1 _i35376 _lCCODEBUL1 _mBUL _r0 _sY _tBOOK _u2015-6-16 _xEDUCACION _0COMPRA _o.STAFF. Colección General |
||
| 949 |
_a532 H249m _wDEWEY _c2 _i34333 _lCCODEBUL1 _mBUL _r0 _sY _tBOOK _u2015-6-16 _xEDUCACION _0COMPRA _o.STAFF. Colección General |
||
| 949 |
_a532 H21 _wDEWEY _c1 _iFJ05901 _lCCODEBUJ1 _mBUJ _p23.20 _r0 _sY _tBOOK _u2016-09-07 _xINGENIERIA _0COMPRA _o.STAFF -- Colección General Juliaca |
||
| 980 |
_81 _gALBERTO SANCHEZ Responsable de Automatización |
||
| 999 |
_c48590 _d48590 |
||